000 00715cam a22002413a 4500
001 19084
003 PGUSA
005 20140828083414.0
008 060820s2006||||xxu|||||s|||||000 p eng d
040 _aPGUSA
_beng
042 _adc
050 4 _aPN
245 1 0 _aIn the Yule-Log Glow, Book II :
_bChristmas Tales from 'Round the World
_h[electronic resource]
260 _bProject Gutenberg,
_c2006
506 _aPublic domain in the USA.
516 _aElectronic text
653 _aChristmas -- Poetry
653 _aChristmas stories
700 1 _aMorris, Harrison S.
_q(Harrison Smith),
_d1856-1948
830 0 _aProject Gutenberg
_v19084
856 4 0 _uhttp://www.gutenberg.org/ebooks/19084
942 _cEB
999 _c248339
_d248339